Movies Quiz

Random Movies or Oscar Quiz

Martin Scorsese Oscar Winners Quiz Stats

Quiz not verified by Sporcle

Challenge
Share
Tweet
Embed
Score 0/5 Timer 01:30
0 Plays Today
Movie Actor/Actress % Correct
Raging BullRobert De Niro
99.2%
GoodfellasJoe Pesci
93.3%
The Color of MoneyPaul Newman
88.8%
The AviatorCate Blanchett
88%
Alice Doesn't Live Here AnymoreEllen Burstyn
53.8%

You're not logged in!

Compare scores with friends on all Sporcle quizzes.
Sign Up with Email
OR
Log In

You Might Also Like...

Show Comments

Extras

Top Quizzes Today


Score Distribution

Your Account Isn't Verified!

In order to create a playlist on Sporcle, you need to verify the email address you used during registration. Go to your Sporcle Settings to finish the process.

Report this User

Report this user for behavior that violates our Community Guidelines.

Details: